| 000 | 004180000a22001810004500 | ||
|---|---|---|---|
| 003 | MACL | ||
| 005 | 20160130132406.0 | ||
| 008 | 160130b xxu||||| |||| 00| 0 eng d | ||
| 040 |
_aMACL _cMACL |
||
| 041 | _aEnglish | ||
| 082 | _a823/ROB | ||
| 100 |
_aRoberts,Nore _935989 |
||
| 245 | _aHot Ice | ||
| 260 |
_bBantam Books _c1987 _aNew York |
||
| 350 | _a195 | ||
| 650 |
_aFiction _935990 |
||
| 942 |
_cBK _k823/Rob _2ddc |
||
| 999 |
_c31143 _d31143 |
||